Top 100 des personnages les plus important de One piece - Statistiques

Statistiques générales
  • Ce quiz a été pris 206 fois
  • Le résultat moyen est 63 sur 100
Statistiques - réponses
Numéro Personnage % Correct
1 Monkey D. Luffy
99%
2 Roronoa Zoro
99%
3 Nami
98%
5 Vinsmoke Sanji
97%
8 Franky
96%
7 Nico Robin
96%
14 Shanks
95%
6 Tony-tony Chopper
95%
9 Brook
94%
41 Portgas D. Ace
94%
4 Usopp
94%
39 Charlotte Linlin
93%
10 Jinbe
92%
38 Kaido
92%
24 Sabo
92%
37 Edward Newgate
91%
43 Don Quijote Doflamingo
90%
15 Marshall D. Teach
90%
23 Monkey D. Garp
90%
11 Gol D. Rogers
88%
22 Monkey D. Dragon
88%
31 Aokiji
86%
16 Akainu
85%
32 Kizaru
85%
13 Trafalgar D. Water Law
85%
54 Charlotte Katakuri
83%
29 Crocodile
83%
49 Bartolomew Kuma
82%
47 Eustass Kidd
82%
27 Baggy
81%
28 Dracule Mihawk
80%
83 King
78%
36 Boa Hancock
75%
40 Silvers Rayleigh
75%
35 Sengoku
74%
51 Marco
73%
84 Queen
73%
45 Jewerly Bonney
72%
44 Nefertari D. Vivi
71%
52 Végapunk
69%
12 Im Sama
67%
53 Rob Lucci
67%
63 Empério Ivankov
66%
46 Kobby
66%
33 Fujitora
65%
48 Kozuki Oden
65%
55 Smoker
65%
62 Yamato
65%
69 Basil Hawkins
63%
76 Kinémon
61%
75 Kozuki Momonosuké
61%
64 Killer
60%
67 X-Drake
60%
56 Tashigi
59%
82 Kaku
58%
87 Ener
57%
70 Scratchmen Apoo
57%
57 Ben Beckmann
56%
42 Jaygarcia Saturn
55%
71 Carrot
54%
59 César Clown
54%
68 Capone Bege
53%
85 Jack
53%
74 Bartoloméo
52%
19 Marcus Mars
50%
80 Nekomamushi
50%
34 Ryokugyu
50%
94 Charlotte Cracker
49%
79 Inuarashi
49%
30 Loki
49%
95 Pedro
49%
60 Jessus Burgess
48%
65 Magellan
46%
73 Cavendish
45%
61 Shiliew
45%
77 Kurozumi Kanjuro
44%
50 Scooper Gaban
44%
81 Joz
43%
93 Charlotte Pudding
40%
17 Figarland Garling
39%
96 Perona
39%
100 Hajrudin
38%
88 Vinsmoke Judge
38%
90 Vinsmoke Niji
37%
92 Vinsmoke Reiju
37%
89 Vinsmoke Ichiji
36%
78 Denjiro
35%
25 Figarland Shamrock
35%
18 Ju Peter
35%
91 Vinsmoke Yonji
35%
99 Kurozumi Orochi
34%
21 Warcury
33%
98 Kozuki Hiyori
31%
97 Stussy
31%
86 Hody Jones
30%
20 Nusjuro
28%
58 Edward Weeble
24%
26 Gunko
23%
66 Lilith
15%
72 Charlotte Perospero
12%
Aucun quiz correspondant
Distribution des résultats
% des personnes avec chaque résultat
Percentile par nombre de réponses
Votre historique - résultats
Vous n’avez pas pris ce quiz